000 00656nam a2200217Ia 4500
003 GCL
008 140319s9999 xx 000 0 ara d
040 _aGCL /
_cGCL
082 0 4 _a157.7
_bع ص
100 1 _aعلاء الدين كفافى
245 1 0 _aالصحة النفسية /
_cعلاء الدين كفافى
260 _a[S.N] :
_bهجر للطباعة والنشر ،
_c1990
300 _a491 ص
490 _a
650 0 4 _aالصحة النفسية
650 0 4 _aعلم النفس
650 0 4 _aالاضطرابات النفسية
650 0 4 _aالصحة العقلية
650 0 4 _aالاكتئاب النفسى
942 _2ddc
_cBK
999 _c55281
_d55281